000 01366cam a2200145 4500500
005 20260329023150.0
041 _afre
042 _adc
100 1 0 _aPedinielli, Jean-Louis
_eauthor
700 1 0 _aBernoussi, Amal
_eauthor
245 0 0 _aLes états dépressifs
260 _bArmand Colin,
_c2011.
520 _aDrame psychologique et familial, phénomène social, problème de santé publique…, les dépressions sont le diagnostic le plus fréquemment évoqué à l’heure actuelle en cas de difficultés psychiques. Ce phénomène n’épargne personne puisqu’il se retrouve chez le bébé comme chez le sujet âgé. Mais, contrairement à d’autres troubles psychiques, la dépression représente un état transitoire – même s’il en existe des formes chroniques – qui, une fois guéri, laisse la personne identique à ce qu’elle était auparavant, mais en proie au souvenir d’une expérience particulièrement insupportable. On trouvera dans cet ouvrage une description précise de cette souffrance, de ses formes, de ses origines et de ses traitements. Cette 2e édition intègre les changements des classifications internationales, les nouvelles données sur les troubles bipolaires et enrichit la partie psychopathologique.
856 4 1 _uhttps://shs.cairn.info/les-etats-depressifs--9782200270247?lang=fr&redirect-ssocas=7080
999 _c1925184
_d1925184